Factors affecting the production, germination and viability of Cylindrocladium quinqueseptatum spores (Record no. 59242)
[ view plain ]
| 000 -LEADER | |
|---|---|
| fixed length control field | 01966nam a2200181Ia 4500 |
| 100 ## - MAIN ENTRY--AUTHOR NAME | |
| Personal name | Jayasinghe C K |
| 245 #0 - TITLE STATEMENT | |
| Title | Factors affecting the production, germination and viability of Cylindrocladium quinqueseptatum spores |
| 260 ## - PUBLICATION, DISTRIBUTION, ETC. (IMPRINT) | |
| Name of publisher | Indian Journal of Natural Rubber Research |
| Year of publication | 1995 |
| 300 ## - PHYSICAL DESCRIPTION | |
| Number of Pages | 38-50 |
| 520 ## - SUMMARY, ETC. | |
| Summary, etc | Cylindrocaldium quinqueseptatum, a pathogen of Eugenia caryophyllata and Hevea brasiliensis produced spores freely when grown on artificial media under a normal dark and light regime and under continuous dark. CDA and LBA were found to be suitable media for sporulation. Spore production occurred between 20 C and 35 C with an optimum at 30 C. Ten minutes exposure of spores as wet smears to UV (253.7 nm) significantly inactivated spores. The most critical factor which influenced the spore viability and germination was humidity. Free water was found to be essential for spore germination and germination dropped to 2.5 per cent even at high humidities (96;). Spores lost viability by 25 per cent within a period of two minutes and 90 per cent after 9 minutes, when stored as dry smears. On leaves, typical lesions were produced only at 100 per cent humidity. Size of the lesions at 96 per cent humidity was negligible and no lessions were produced at 91 per cent RH. Spore germination occurred between 10 C to 35 C. The largest lesions on leaves resulted at 25 C and at room temperature (28+_2 C) when inoculated as wet smears. Wet smears of spores could withstand high temperatures of 40 C for 2 h without loss of viability. The results of this investigation suggest that Cylindrocladium infections are likely to reach epidemic proportions during monsoon periods of dull, overcast, rainy weather |
| 650 ## - SUBJECT ADDED ENTRY--TOPICAL TERM | |
| Topical Term | Cylindrocladium quinqueseptatum |
| 650 ## - SUBJECT ADDED ENTRY--TOPICAL TERM | |
| Topical Term | Eugenia caryophyllata |
| 650 ## - SUBJECT ADDED ENTRY--TOPICAL TERM | |
| Topical Term | Hevea brasiliensis |
| 650 ## - SUBJECT ADDED ENTRY--TOPICAL TERM | |
| Topical Term | Spore production |
| 700 ## - ADDED ENTRY--PERSONAL NAME | |
| Personal name | Wijesundera W L C |
| 942 ## - ADDED ENTRY ELEMENTS (KOHA) | |
| Koha item type | Journals |
| Withdrawn status | Lost status | Damaged status | Not for loan | Home library | Current library | Shelving location | Date acquired | Serial Enumeration / chronology | Koha item type |
|---|---|---|---|---|---|---|---|---|---|
| Journals | RRII Library | RRII Library | Pathology | 17/12/2021 | Volume 8, Issue 1 | Journals |